Women-headed households: diversity and dynamics in the developing world by Sylvia Chant (Record no. 66943)

MARC details
000 -LEADER
fixed length control field 00897nam a2200301Ia 4500
003 - CONTROL NUMBER IDENTIFIER
control field OSt
005 - DATE AND TIME OF LATEST TRANSACTION
control field 20220912151346.0
008 - FIXED-LENGTH DATA ELEMENTS--GENERAL INFORMATION
fixed length control field 220909b |||||||| |||| 00| 0 eng d
020 ## - INTERNATIONAL STANDARD BOOK NUMBER
International Standard Book Number 0333640683 (pbk)
037 ## - SOURCE OF ACQUISITION
Terms of availability Textual
040 ## - CATALOGING SOURCE
Original cataloging agency CSL
Language of cataloging eng
Transcribing agency CSL
041 ## - LANGUAGE CODE
Language code of text/sound track or separate title eng
100 ## - MAIN ENTRY--PERSONAL NAME
Personal name Chant Sylvia
245 #0 - TITLE STATEMENT
Title Women-headed households: diversity and dynamics in the developing world by Sylvia Chant
260 ## - PUBLICATION, DISTRIBUTION, ETC.
Place of publication, distribution, etc. Hampshire
Name of publisher, distributor, etc. Macmillan Press Ltd
Date of publication, distribution, etc. 1997
300 ## - PHYSICAL DESCRIPTION
Extent ix, 338p
500 ## - GENERAL NOTE
General note Includes bibliographical references; Indexes 322-338p; ^n23/CSL/Y17/97-98/5079^d1998-02-07^mPurchase
650 ## - SUBJECT ADDED ENTRY--TOPICAL TERM
Topical term or geographic name entry element Single parent
650 ## - SUBJECT ADDED ENTRY--TOPICAL TERM
Topical term or geographic name entry element Women
650 ## - SUBJECT ADDED ENTRY--TOPICAL TERM
Topical term or geographic name entry element Sociology
942 ## - ADDED ENTRY ELEMENTS (KOHA)
Classification part Y15-221, N7
Koha item type Textual
Source of classification or shelving scheme Colon Classification (CC)
Holdings
Withdrawn status Lost status Damaged status Not for loan Home library Current library Date acquired Source of acquisition Total Checkouts Full call number Barcode Date last seen Price effective from Koha item type
        Central Science Library Central Science Library 2022-09-12 Nice,   Y15-221 N7 SL1173668 2022-09-12 2022-09-12 Textual
Copyright @ Delhi University Library System